000 00747nam a2200205 i 4500
001 36847
003 ES-MaACL
005 20250826060522.0
007 t|
008 030219s1920 gw |||| | ger d
100 1 _aBray, John Francis.
_931517
245 1 0 _aDie leiden der Arbeiterklasse und ihr Heilmittel /
_cvon J.F. Bray ; eingeleitet und übers. von M. Beer.
260 _aLeipzig :
_bC. L. Hirschfeld,
_c1920.
300 _a233 p. ;
_c24 cm.
490 1 _aHauptwerke des sozialismus und sozialpolitik.
_aNeue Folge ;
_v3-4
650 7 _aClase trabajadora
_2embne
_9151811
830 0 _aHauptwerke des sozialismus und sozialpolitik.
_aNeue Folge ;
_v3-4
_9182205
852 _aES-MaACL
_j1632-F-10
999 _c36847
_d36847